000 00363nam a2200157Ia 4500
003 0STCL
008 150530s9999 xx 000 0 und d
040 _aSTCL
_cSTCL
100 _aPowell,N.J; Parker,D.P
245 _aMajor aspects of American Government
260 _c1969
546 _aEnglish
942 _2ddc
_cBK
999 _c7320
_d7320
005 20220125165448.0